书目信息 |
| 题名: |
种子生产与管理
|
|
| 作者: | 张荣萍 , 陶诗顺 著 | |
| 分册: | ||
| 出版信息: | 延吉 延边大学出版社 2018 |
|
| 页数: | 150页 | |
| 开本: | 24cm | |
| 丛书名: | ||
| 单 册: | ||
| 中图分类: | S33 , F306.6 | |
| 科图分类: | ||
| 主题词: | 作物育种--zuo wu yu zhong , 种子--zhong zi--农业公司--企业管理 | |
| 电子资源: | ||
| ISBN: | 978-7-5688-5156-5 | |
| 000 | 01381nam0 2200289 450 | |
| 001 | 012001000606 | |
| 005 | 20131106133411.0 | |
| 010 | @a978-7-5688-5156-5@dCNY40.00 | |
| 099 | @aCAL 012019060065 | |
| 100 | @a20190227d2018 em y0chiy50 ea | |
| 101 | 0 | @achi |
| 102 | @aCN@b220000 | |
| 105 | @aak a 000yy | |
| 106 | @ar | |
| 200 | 1 | @a种子生产与管理@Azhong zi sheng chan yu guan li@f张荣萍, 陶诗顺著 |
| 210 | @a延吉@c延边大学出版社@d2018 | |
| 215 | @a150页@c图@d24cm | |
| 320 | @a有书目 | |
| 330 | @a本书是根据农学专业的培养目标和在相关课程教学的基础上,使学生系统学习作物种子生产与经营管理的理论与技术,构建学生在种子生产与经营管理方面的基本知识体系,为学生从事种子产业方面的技术应用和推广、研究与创新等工作打下基础。本课程属农学类专业的专业必修课程。通过本课程的教学,使学生能较清楚地了解国内外作物种子生产与经营管理方面的现状和发展动态,了解我国种子法规及种子经营的相关知识;理解作物种子生产、加工、贮藏和检验等方面的基本概念、基本原理;掌握主要农作物种子的生产、加工和贮藏的主要技术环节及其科学依据;并能应用课程所学知识分析和解决作物种子生产和经营中的一般性实际问题。 | |
| 606 | 0 | @a作物育种@Azuo wu yu zhong |
| 606 | 0 | @a种子@Azhong zi@x农业公司@x企业管理 |
| 690 | @aS33@v5 | |
| 690 | @aF306.6@v5 | |
| 701 | 0 | @a张荣萍@Azhang rong ping@4著 |
| 701 | 0 | @a陶诗顺@Atao shi shun@4著 |
| 801 | 0 | @aCN@b北京卓展文化@c20191020 |
| 905 | @b1196471-5@dS33@e59@f5 | |
| 种子生产与管理/张荣萍, 陶诗顺著.-延吉:延边大学出版社,2018 |
| 150页:图;24cm |
| ISBN 978-7-5688-5156-5:CNY40.00 |
| 本书是根据农学专业的培养目标和在相关课程教学的基础上,使学生系统学习作物种子生产与经营管理的理论与技术,构建学生在种子生产与经营管理方面的基本知识体系,为学生从事种子产业方面的技术应用和推广、研究与创新等工作打下基础。本课程属农学类专业的专业必修课程。通过本课程的教学,使学生能较清楚地了解国内外作物种子生产与经营管理方面的现状和发展动态,了解我国种子法规及种子经营的相关知识;理解作物种子生产、加工、贮藏和检验等方面的基本概念、基本原理;掌握主要农作物种子的生产、加工和贮藏的主要技术环节及其科学依据;并能应用课程所学知识分析和解决作物种子生产和经营中的一般性实际问题。 |
| ● |
| 相关链接 |
|
|
|
|
正题名:种子生产与管理
索取号:S33/59
 
预约/预借
| 序号 | 登录号 | 条形码 | 馆藏地/架位号 | 状态 | 备注 |
| 1 | 1196471 | 211964711 | 第二样本阅览室/ [索取号:S33/59] | 在馆 | |
| 2 | 1196472 | 211964720 | 第三借阅区/ [索取号:S33/59] | 在馆 | |
| 3 | 1196473 | 211964739 | 第三借阅区/ [索取号:S33/59] | 在馆 | |
| 4 | 1196474 | 211964748 | 第三借阅区/ [索取号:S33/59] | 在馆 | |
| 5 | 1196475 | 211964757 | 第三借阅区/ [索取号:S33/59] | 在馆 |